Six thinking hats
Shranjeno v:
| Glavni avtor: | |
|---|---|
| Format: | Knjiga |
| Jezik: | angleščina |
| Izdano: |
Nueva York
Back Bay Books
1999
|
| Izdaja: | 1a. ed |
| Teme: | |
| Oznake: |
Označite
Brez oznak, prvi označite!
|
MARC
| LEADER | 00000nam a2200000 a 4500 | ||
|---|---|---|---|
| 001 | UCI9936 | ||
| 003 | CL-VaPUC | ||
| 008 | 081218e19990000US |||||||||||||||||eng|d | ||
| 020 | |a 9780316178314 | ||
| 082 | 0 | 4 | |a 658.312404 |b BON |2 21 |
| 100 | 0 | |a Bono, Edward de |e author |9 475301 | |
| 245 | 1 | 0 | |a Six thinking hats |
| 250 | |a 1a. ed | ||
| 300 | |a 173 p | ||
| 942 | |c BK | ||
| 945 | |d 20081218 00:00:00 |a rbrito | ||
| 260 | |a Nueva York |b Back Bay Books |c 1999 | ||
| 650 | 0 | |a Creatividad |9 310816 | |
| 650 | 0 | |a Inteligencia |9 267038 | |
| 650 | 0 | |a Recursos humanos |9 228420 | |
| 650 | 7 | |a CAPACITACION LABORAL |2 CL-VaPUC |9 411356 | |
| 583 | |a last modification |c 20081218 00:00:00 |k Rodrigo Vera | ||
| 999 | |c 332376 |d 332374 | ||
| 952 | |0 0 |1 0 |4 0 |6 658_312404000000000_BON_1999 |7 0 |8 A |9 420011 |a BIBING |b BIBING |d 2019-11-22 |i 450755K |o 658.312404 BON 1999 |p 450755K |r 2025-01-20 |w 2019-11-22 |y BK |k EII | ||